000 00401nam a2200181Ia 4500
005 20240823061239.0
008 240823s9999||||xx |||||||||||||| ||und||
041 _aENGLISH
082 _A109 Q5
100 _aTrevor Curnow
245 0 _aWISDOM : A World History
250 _a1st
260 _c2015
_bSpeaking
500 _aYES
650 _aHistory
_bGeneral
942 _cBK
999 _c233062
_d233062